[Event "IND-ch Schools"]
[Site "Gyan Bhawan Patna"]
[Date "2024.02.07"]
[Round "4"]
[White "Nimay, Agrawal"]
[Black "Angsh, Das"]
[Result "1-0"]
[WhiteElo "2067"]
[BlackElo "1299"]
[PlyCount "74"]
[EventDate "2024.02.06"]
[EventType "swiss"]
[EventRounds "9"]
[EventCountry "IND"]
[SourceTitle "EXT 2025"]
[Source "ChessBase"]
[SourceDate "2024.10.14"]
[SourceVersion "1"]
[SourceVersionDate "2024.10.14"]
[SourceQuality "1"]

1. e4 e5 2. Nf3 Nc6 3. Bc4 Bc5 4. c3 Nf6 5. d3 d6 6. Bb3 Bg4 7. h3 Bh5 8. Nbd2 h6 9. Qe2 Qe7 10. Nf1 a5 11. a4 Rd8 12. g4 Bg6 13. Ng3 Kd7 14. Bd2 Rhe8 15. Nf5 Bxf5 16. gxf5 Kc8 17. 0-0-0 d5 18. Rdg1 dxe4 19. dxe4 Rg8 20. Rg2 Bb6 21. Rhg1 Qf8 22. Nh2 Rd6 23. Be3 Nd7 24. Qc4 Bxe3+ 25. fxe3 Nd8 26. Ba2 Rc6 27. Qb5 Nc5 28. Nf3 Rb6 29. Qc4 Nd7 30. Qd5 Rd6 31. Qxa5 Ra6 32. Qb5 c6 33. Qb3 Nc5 34. Qc2 Nxa4 35. Nxe5 Qc5 36. Nxf7 Qxe3+ 37. Qd2 Qxd2+ 1-0